000
00306nam a2200157Ia 4500
100
_a
Dhanjani/Nitesh
650
_a
Network Security
942
_c
BK
366
_f
20
245
_a
Network Security Tools
260
_b
SPD
_c
2005
082
_b
DHA
300
_a
323
546
_a
ENGLISH
999
_c
21646
_d
21646